Online
Catalog

Pedagogía ignaciana : (Record no. 23760)

MARC details
000 -CABECERA
campo de control de longitud fija 00784nam a2200193 a 4500
001 - NÚMERO DE CONTROL
campo de control 000024266
005 - FECHA Y HORA DE LA ÚLTIMA TRANSACCIÓN
campo de control 20200930022848.0
008 - DATOS DE LONGITUD FIJA--INFORMACIÓN GENERAL
campo de control de longitud fija 110125s2001 mx r 000 | spa d
020 ## - NÚMERO INTERNACIONAL ESTÁNDAR DEL LIBRO
Número Internacional Estándar del Libro 9685087342
040 ## - FUENTE DE LA CATALOGACIÓN
Centro catalogador/agencia de origen DO-SdBNP
Lengua de catalogación spa
Centro/agencia transcriptor BNPHU
082 ## - NÚMERO DE LA CLASIFICACIÓN DECIMAL DEWEY
Número de clasificación xxx
Número de documento/Ítem C733c
245 00 - MENCIÓN DE TÍTULO
Título Pedagogía ignaciana :
Resto del título un planteamiento práctico /
Mención de responsabilidad, etc. Comisión Internacional para el Apostolado Educativo de la Compañía de Jesús.
260 ## - PUBLICACIÓN, DISTRIBUCIÓN, ETC.
Lugar de publicación, distribución, etc. México, D. F. :
Nombre del editor, distribuidor, etc. Instituto Tecnológico y de Estudios Superiores de Occidente(ITESO),
Fecha de publicación, distribución, etc. 2001.
300 ## - DESCRIPCIÓN FÍSICA
Extensión 81 p. ;
-- 22 cm.
490 ## - MENCIÓN DE SERIE
Mención de serie Pedagogía Ignaciana
Designación de volumen o secuencia 2
500 ## - NOTA GENERAL
Nota general Incluye notas al pie de páginas
710 2# - PUNTO DE ACCESO ADICIONAL--NOMBRE DE ENTIDAD CORPORATIVA
Nombre de entidad corporativa o nombre de jurisdicción como elemento de entrada Comisión Internacional para el Apostolado Educativo de la Compañía de Jesús.
9 (RLIN) 49813
830 #0 - PUNTO DE ACCESO ADICIONAL DE SERIE-TÍTULO UNIFORME
Título uniforme Pedagogía Ignaciana;
Designación de volumen o secuencia 2
9 (RLIN) 28552
Holdings
Estado de retiro Estado de pérdida Restricciones de uso No para préstamo Código de colección Localización permanente Ubicación/localización actual Ubicación en estantería Fecha de adquisición Número de inventario Total de préstamos Signatura topográfica completa Código de barras Fecha visto por última vez Precio válido a partir de Tipo de ítem Koha
      Excluido de préstamo Monografías: Libros y Folletos General General En catalogación 25.01.2011 LF1   xxx C733c 24266-10 25.06.2020 25.06.2020 No se presta

Powered by Koha